Statistiche per Paesi dell'Asia con mappa

Clicka qui per fare il quiz!

Statistiche generali

  • Questo quiz è stato fatto 23.397 volte
    (11.162 dall'ultimo reset)
  • Il punteggio medio è 38 su 48

Risposte nella Mappa

Le risposte nella mappa del quiz sottostante sono codificate secondo una scala di colori dal rosso al verde in base alla % di persone che hanno risposto correttamente.
 

Statistiche sulle risposte

Paesi% Corretto
Cina
98%
India
96%
Giappone
95%
Corea del Nord
93%
Corea del Sud
93%
Turchia
93%
Arabia Saudita
92%
Mongolia
92%
Iran
91%
Iraq
90%
Indonesia
88%
Israele
87%
Kazakistan
87%
Pakistan
87%
Filippine
85%
Afghanistan
84%
Vietnam
83%
Emirati Arabi Uniti
82%
Yemen
82%
Nepal
81%
Oman
81%
Thailandia
81%
Georgia
80%
Siria
79%
Sri Lanka
79%
Uzbekistan
79%
Qatar
78%
Bangladesh
77%
Taiwan
77%
Turkmenistan
77%
Armenia
76%
Cipro
76%
Giordania
76%
Azerbaijan
73%
Laos
73%
Singapore
73%
Libano
72%
Cambogia
71%
Malesia
71%
Birmania
68%
Tagikistan
67%
Bhutan
66%
Kirghizistan
64%
Kuwait
64%
Maldive
60%
Brunei
52%
Bahrein
51%
Timor Est
51%

Distribuzione punteggi

Percentile per numero di risposta

Percentuale di utenti per punteggio

I tuoi punteggi nel tempo

Non hai fatto questo quiz dall'ultimo reset